Statistics for Province Quiz - Nova Scotia

Click here to take the quiz!

General Stats

  • This quiz has been taken 514 times
    (425 since last reset)
  • The average score is 12 of 21

Answer Stats

HintAnswer% Correct
Capital of Nova ScotiaHalifax
95%
Bay with world's highest tidesBay of Fundy
86%
Group of three provinces
Nova Scotia is part of
The {Maritime}s
83%
Second biggest city, namesake
of an Oceanian city
Sydney
75%
Largest islandCape {Breton}
74%
TV show set in Dartmouth{Trailer} Park Boys
73%
Historical French colony
Nova Scotia was part
Acadia
71%
"Country" that colonized
Nova Scotia in 1629
Scotland
69%
Bordering gulf to the northGulf of
{Saint} {Lawrence}
66%
Two of these made a huge explosion
when they collided in 1917
Cargo Ship
65%
What are Truro and Glace Bay?Cities
56%
Most famous brewery company
in Nova Scotia
Alexander {Keith}
50%
Leading actress of "Juno"Ellen Page
49%
Type of landform Chignecto is,
one narrow that connects two
larger pieces of land to each other
Isthmus
48%
What are Kejimkujik and Sable Island?National Parks
41%
Most common language after
English and French
Arabic
37%
Strait between Nova Scotia and
Prince Edward Island
{Northumberland}
Strait
33%
First French settlement in
North America
Port-{Royal}
31%
Province flowerMayflower
27%
Singer born in Springhill in 1945Anne Murray
25%
Singer of "Angel" and "Adia"Sarah McLachlan
24%

Score Distribution

Percentile by Number Answered

Percent of People with Each Score

Your Score History

You have not taken this quiz since the last reset